000 01129nam a22003017a 4500
001 747
005 20230705143218.0
008 230705b cb ||||| |||| 00| 0 eng d
020 _a0688085539 :
_c$11.95
020 _a0688085547 (lib. bdg.)
040 _aDLC
_cDLC
_dDLC
_beng
050 0 0 _aPZ7.C5792
_bMu 1990
082 0 0 _a[Fic]
_220
100 1 _aCleary, Beverly.
245 1 0 _aMuggie Maggie /
_cBeverly Cleary ; illustrated by Tiegreen, Alan.
_bNobody's going to make Maggie learn cursive
250 _aFirst Scholastic printing, February 2000.
260 _aNew York :
_bScholastic,
_c2000.
300 _a70 pages :
_billustrations ;
_c20 cm.
505 _aR
520 _aMaggie resists learning cursive writing in the third grade, until she discovers that knowing how to read and write cursive promises to open up an entirely new world of knowledge for her.
521 _a730
_bLexile
521 _aR
_bRaz-Plus
650 1 _aPenmanship
_xFiction.
650 1 _aSchools
_xFiction.
700 1 _aTiegreen, Alan.
_eillustrator.
906 _a7
_bcbc
_corignew
_d1
_eocip
_f19
_gy-gencatlg
942 _2ddc
_cBK
_n0
999 _c747
_d747